Th-PhD-Evaluation of Nicotinic Acetylcholine receptors in learning and memory using mouse model of Alzheimer’s Disease (Record no. 523467)
[ view plain ]
| 000 -LEADER | |
|---|---|
| fixed length control field | 00666nam a22001817a 4500 |
| 003 - CONTROL NUMBER IDENTIFIER | |
| control field | NUST |
| 005 - DATE AND TIME OF LATEST TRANSACTION | |
| control field | 20240708114959.0 |
| 038 ## - RECORD CONTENT LICENSOR | |
| Staff Name | ASAB |
| 082 ## - DEWEY DECIMAL CLASSIFICATION NUMBER | |
| Classification number | 200 |
| 100 ## - MAIN ENTRY--PERSONAL NAME | |
| Personal name | Farhat Syeda Mahpara |
| 9 (RLIN) | 124159 |
| 245 ## - TITLE STATEMENT | |
| Title | Th-PhD-Evaluation of Nicotinic Acetylcholine receptors in learning and memory using mouse model of Alzheimer’s Disease |
| Statement of responsibility, etc. | Syeda Mahpara Farhat |
| 260 ## - PUBLICATION, DISTRIBUTION, ETC. | |
| Place of publication, distribution, etc. | Islamabad. |
| Name of publisher, distributor, etc. | Atta ur Rahman school of applied biosciences ASAB |
| Date of publication, distribution, etc. | 2017 |
| 300 ## - PHYSICAL DESCRIPTION | |
| Extent | 164 p. ; |
| Other physical details | ill; |
| Dimensions | 30,cm. |
| 600 ## - SUBJECT ADDED ENTRY--PERSONAL NAME | |
| General subdivision | PhD-Applied Biosciences |
| 9 (RLIN) | 124160 |
| 700 ## - ADDED ENTRY--PERSONAL NAME | |
| Personal name | Supervisor:Dr.Toqeer Ahmad |
| 9 (RLIN) | 123983 |
| 856 ## - ELECTRONIC LOCATION AND ACCESS | |
| Uniform Resource Identifier | <a href="http://10.250.8.41:8080/xmlui/handle/123456789/32018">http://10.250.8.41:8080/xmlui/handle/123456789/32018</a> |
| 942 ## - ADDED ENTRY ELEMENTS (KOHA) | |
| Source of classification or shelving scheme | |
| Koha item type | Soft Copy |
| Withdrawn status | Lost status | Source of classification or shelving scheme | Damaged status | Not for loan | Permanent Location | Current Location | Date acquired | Total Checkouts | Full call number | Barcode | Date last seen | Price effective from | Koha item type | Shelving location |
|---|---|---|---|---|---|---|---|---|---|---|---|---|---|---|
| Atta-ur-Rahman School of Applied Biosciences (ASAB) | Atta-ur-Rahman School of Applied Biosciences (ASAB) | 03/20/2019 | Thesis 2017 SMF | ASABPhD39 | 03/20/2019 | 03/20/2019 | Thesis | |||||||
| Central Library (CL) | Central Library (CL) | 08/25/2019 | 200 | CLPT-319 | 08/25/2019 | 08/25/2019 | Soft Copy | Thesis |
